| 000 | 00431nam a2200181Ia 4500 | ||
|---|---|---|---|
| 001 | 13930 | ||
| 005 | 20260306164837.0 | ||
| 008 | 260306t2001||||xx |||||||||||||| ||spa|| | ||
| 041 | _aESP | ||
| 082 |
_a005.73 _bH43 |
||
| 100 |
_aHernández, Roberto _eAUT |
||
| 245 | 0 | _aEstructuras de datos y algoritmos | |
| 260 | _c2001 | ||
| 300 |
_a296 páginas : _c24 cm. |
||
| 650 | _aGEN | ||
| 654 | _aCCC | ||
| 942 |
_cLIB _dJUS _fJUS _2ddc _n |
||
| 999 |
_c13930 _d13930 |
||